Basic mathematics and its application in economics/ (Record no. 9513)

MARC details
000 -LEADER
fixed length control field 00581cam a2200217ua 4500
005 - DATE AND TIME OF LATEST TRANSACTION
control field 20250916092746.0
008 - FIXED-LENGTH DATA ELEMENTS--GENERAL INFORMATION
fixed length control field 190315n ii |||gr||||Z||||||eng
020 ## - INTERNATIONAL STANDARD BOOK NUMBER
International Standard Book Number 9789380644905
040 ## - CATALOGING SOURCE
Transcribing agency MAIN
041 ## - LANGUAGE CODE
Language code of sung or spoken text English
082 ## - DEWEY DECIMAL CLASSIFICATION NUMBER
Classification number 330.0151
Item number BAR
100 ## - MAIN ENTRY--PERSONAL NAME
Personal name Baruah, Srinath
Relator term Author
245 ## - TITLE STATEMENT
Title Basic mathematics and its application in economics/
Statement of responsibility, etc. by Srinath Baruah
250 ## - EDITION STATEMENT
Edition statement 2nd rep. ed.
260 ## - PUBLICATION, DISTRIBUTION, ETC.
Place of publication, distribution, etc. New Delhi:
Name of publisher, distributor, etc. Trinity press,
Date of publication, distribution, etc. 2023.
300 ## - PHYSICAL DESCRIPTION
Extent 488p.
650 ## - SUBJECT ADDED ENTRY--TOPICAL TERM
Topical term or geographic name entry element Mathematical economics
650 ## - SUBJECT ADDED ENTRY--TOPICAL TERM
Topical term or geographic name entry element Econometrics
942 ## - ADDED ENTRY ELEMENTS (KOHA)
Koha item type Books
Source of classification or shelving scheme Dewey Decimal Classification
653 ## - INDEX TERM--UNCONTROLLED
Uncontrolled term Economics
Holdings
Withdrawn status Lost status Source of classification or shelving scheme Damaged status Not for loan Collection code Home library Current library Shelving location Date acquired Cost, normal purchase price Total Checkouts Full call number Barcode Date last seen Date last checked out Copy number Price effective from Koha item type Date due
    Dewey Decimal Classification     Economics Central Library, Naharkatiya College Central Library, Naharkatiya College General Stacks 19/09/2020 459.00 9 330.0151 BAR 26433 13/08/2025 04/08/2025 1 19/09/2020 Books  
    Dewey Decimal Classification     Economics Central Library, Naharkatiya College Central Library, Naharkatiya College General Stacks 19/09/2020 459.00 14 330.0151 BAR 26434 30/07/2022 19/07/2022 2 19/09/2020 Books  
    Dewey Decimal Classification     Economics Central Library, Naharkatiya College Central Library, Naharkatiya College General Stacks 16/09/2025 459.00 4 330.0151 BAR 30916 02/05/2026 02/05/2026 3 16/09/2025 Books 20/05/2026
    Dewey Decimal Classification     Economics Central Library, Naharkatiya College Central Library, Naharkatiya College General Stacks 16/09/2025 459.00 4 330.0151 BAR 30917 02/05/2026 02/05/2026 4 16/09/2025 Books 20/05/2026

Naharkatiya College © 2020. All rights reserved.

Powered By